Visualizzazione normale
Vista MARC
- Bell Madeline
di Personal Name
Records bibliografici associati: 1
001 - CONTROL NUMBER
- control field: 17331
003 - CONTROL NUMBER IDENTIFIER
- control field: IT-RoPau
005 - DATE AND TIME OF LATEST TRANSACTION
- control field: 20140324171339.0
008 - FIXED-LENGTH DATA ELEMENTS
- fixed length control field: 140324|| aca||aabn | a|a d
040 ## - CATALOGING SOURCE
- Original cataloging agency: IT-RoPau
- Transcribing agency: IT-RoPau
100 ## - HEADING--PERSONAL NAME
- Personal name: Bell Madeline
- Miscellaneous information: Codice autore SPICS: 28184
- Relator term: Autore
- Name of part/section of a work: Take It Or Leave It
670 ## - SOURCE DATA FOUND
- Source citation: Work cat.: (IT-RoPau)98866: Jones John Paul 17321, Scream For Help-Music From The Film